Science Quiz

Random Science or Chemistry Quiz

First Chemical Element by Letter Minefield Quiz Stats

 Plays Quiz Updated May 14, 2018

Challenge
Share
Tweet
Embed
Score 0/24 Timer 08:00
3 Plays Today
Letter Element % Correct
H???
67.3%
C???
60.5%
B???
50.4%
O???
49.9%
A???
48.7%
L???
44.2%
N???
42%
F???
37.2%
M???
25.9%
X???
23.4%
Z???
22.8%
S???
22%
Letter Element % Correct
P???
21.1%
V???
17.8%
G???
17.5%
I???
17.3%
K???
17.3%
Y???
17.2%
U???
15.2%
D???
12.6%
T???
11.9%
E???
10.4%
R???
8.9%
Mines???
6.5%

You're not logged in!

Compare scores with friends on all Sporcle quizzes.
OR
Log In

You Might Also Like...

Show Comments

Extras

Top Quizzes Today


Score Distribution

Your Account Isn't Verified!

In order to create a playlist on Sporcle, you need to verify the email address you used during registration. Go to your Sporcle Settings to finish the process.

Report this User

Report this user for behavior that violates our Community Guidelines.

Details: